Statistics for French History Multiple Choice

Click here to take the quiz!

General Stats

  • This quiz has been taken 26,497 times
  • The average score is 11 of 15

Answer Stats

QuestionAnswer% Correct
Which of these countries was never colonized in any way by France?Chile
88%
Which of these was invented in France?Photography
85%
Did the Vikings ever invade France?Yes
83%
Which of these wars involved France?All of the above
81%
Who were the Huguenots?French Protestants
81%
What were the "three estates"?Nobility, church, people
81%
What was the name of Napoleon's first wife?Joséphine
80%
Did the Arabs ever sack Paris?No
78%
Which of these paintings is from the Impressionist school?
72%
Which of these people wasn't born in France?Marie Antoinette
72%
In which war did France suffer the most military casualties?World War One
66%
What is the name of the current iteration of the French government?Fifth Republic
64%
Did a woman ever serve as a ruling monarch of France?No
61%
How many years did Louis XIV reign as king of France?72
50%
Which of these years occurred during the "Belle Époque"?1900
40%

Score Distribution

Percentile by Number Answered

Percent of People with Each Score

Your Score History

You have not taken this quiz